Cumhuriyetin ilk yıllarından günümüze dil, kültür, eğitim (Record no. 5862)

MARC details
000 -BAŞLIK
Sabit Uzunlukta Kontrol Alanı 01250na a2200373 4500
001 - KONTROL NUMARASI
Denetim Alanı 18087
003 - KONTROL NUMARASI IDENTIFIER
Denetim Alanı MIRAKIL
005 - SON İŞLEM TARİHİ VE ZAMANI
Denetim Alanı 20181213155049.0
008 - SABİT-BOY VERİ ELEMANLARI - GENEL BİLGİLER
Sabit Uzunlukta Kontrol Alanı 161111b tu 000 0
020 ## - ULUSLARARASI STANDART KİTAP NUMARASI
Uluslararası Standart Kitap Numarası 9789755072098
035 ## - SİSTEM KONTROL NUMARASI
Sistem Kontrol Numarası 18087
040 ## - KATALOGLAMA KAYNAK
Orijinal Kataloglama Ajansı Milas
Kataloglama Dili tur
Metne Dönüştürmek Ajansı TR-AnCHP
041 ## - DİL KODU
Metin / Ses Parça Veya Ayrı Başlığın Dil Kodu tur
082 ## - DEWEY ONLU SINIFLANDIRMA NUMARASI
Sınıflandırma Numarası 370.9561
Ürün Numarası C85 2007
090 ## - SINIFLAMA NUMARASI
Sınıflama Numarası ATA 370.9561 C85 2007
245 ## - BAŞLIK TABLOSU
Başlık Cumhuriyetin ilk yıllarından günümüze dil, kültür, eğitim
Sorumluluk Tablosu, Vb derleyen Nazife Güngör
260 ## - YAYIN, DAĞITIM, VB
Yayın, Dağıtım, Vb Yeri Ankara
Yayıncı, Dağıtıcı, Vs Adı Gazi Üniversitesi
Yayın, Dağıtım, Vb Tarihi 2007
300 ## - FİZİKSEL TANIM
Kapsam 741 s.
Diğer Fiziksel Ayrıntıları fotg. ; res.
Boyutlar 24 sm.
440 ## - SERİSİ TABLOSU / KATMA GİRİŞİ - BAŞLIK
Başlık Gazi Üniversitesi Yayını
Hacim / Ardışık Tanımı 8
490 ## - SERİSİ TABLOSU
Seri Beyanı Hasan ali Yücel Araştırma ve Uygulama Merkezi yayını
Hacim / Ardışık Tanımı 3
500 ## - GENEL NOT
Genel Not Atatürk'ün doğumgününün 125. yıldönümü.
500 ## - GENEL NOT
Genel Not Gazi Üniversite'sinin 80. yıl armağanı
504 ## - KAYNAKÇA VB NOT
Kaynakça Vb Notu Kaynakça bölüm sonlarındadır.
504 ## - KAYNAKÇA VB NOT
Kaynakça Vb Notu Dizin var.
600 ## - KONU KATMA GİRİŞ - KURUMSAL ADI
Kişisel Ad Atatürk, Mustafa Kemal
Bir Adıyla İlişkilendirilen Tarihler 1881-1938
650 ## - KONU KATMA GİRİŞ - TOPİKAL DÖNEM
Topikal Süreli Veya Coğrafi Ad Giriş Elemanı Eğitim
Genel Alt Bölümü Tarih
Coğrafi Alt Bölümü Türkiye
650 ## - KONU KATMA GİRİŞ - TOPİKAL DÖNEM
Topikal Süreli Veya Coğrafi Ad Giriş Elemanı Türk dili
Genel Alt Bölümü Tarih
650 ## - KONU KATMA GİRİŞ - TOPİKAL DÖNEM
Topikal Süreli Veya Coğrafi Ad Giriş Elemanı Türk kültürü
Genel Alt Bölümü Tarih
Coğrafi Alt Bölümü Türkiye
650 ## - KONU KATMA GİRİŞ - TOPİKAL DÖNEM
Topikal Süreli Veya Coğrafi Ad Giriş Elemanı Eğitim ve devlet
Coğrafi Alt Bölümü Türkiye
650 ## - KONU KATMA GİRİŞ - TOPİKAL DÖNEM
Topikal Süreli Veya Coğrafi Ad Giriş Elemanı Toplumsal değişim
Coğrafi Alt Bölümü Türkiye
651 ## - KONU KATMA GİRİŞ - COĞRAFİ ADI
Coğrafi İsim Türkiye
Genel Alt Bölümü Siyasal tarih
700 ## - KATMA GİRİŞ - KİŞİSEL İSİM
Kişisel Ad Güngör, Nazife
942 ## - EKLENDİ GİRİŞ ELEMANLARI (KOHA)
Sınıflandırma Veya Raf Düzeni Kaynak
Koha Öğesi Türü Books
999 ## - SİSTEM KONTROL NUMARALARI (KOHA)
Koha Biblionumber 5862
Koha Biblioitemnumber 5862
Holdings
Kalıcı Konum Mevcut Konum Edinme Tarihi Edinim Kaynak Seri Numaralandırma / Kronolojik Toplam Check-Out'Lar Tam Çağrı Numarası Barkod Tarih Son Görülme İtibaren Geçerli Fiyatlar Koha Öğesi Türü Kopya Sayısı
CHP Kütüphanesi CHP Kütüphanesi 11/11/2016 Bağış c.2   ATA 370.9561 C85 2007 009345 11/11/2016 11/11/2016 Books  
CHP Kütüphanesi CHP Kütüphanesi 11/11/2016 Bağış     ATA 370.9561 C85 2007 009346 11/11/2016 11/11/2016 Books k.2